| 000 | 01080nas a2200337 4500 | ||
|---|---|---|---|
| 001 | BR2022000431 | ||
| 003 | BR-BrBNA | ||
| 005 | 20231205132243.0 | ||
| 007 | ta | ||
| 008 | 230509b bl.|||p| |||| 00| 00por d | ||
| 040 |
_aBR-BrBNA _bpor _cBiblioteca Nacional de Agricultura |
||
| 041 | _a(En) | ||
| 072 | _aF01; J11 | ||
| 100 | 1 | _aWendt, L.M. | |
| 100 | 1 | _aBrackmann, A. | |
| 100 | 1 | _aBoth, V. | |
| 100 | 1 | _aThewes, F.R. | |
| 100 | 1 | _aSchultz, E.E. | |
| 100 | 1 | _aLudwig, V. | |
| 100 | 1 | _aBerghetti, M.R.P. | |
| 245 | 1 | _aPostharvest quality of 'Brookfield' apple field-treated with naphthalene acetic acid alone or combined with other growth regulators | |
| 650 | _aMAÇÃ | ||
| 650 | _aREGULADOR DE CRESCIMENTO | ||
| 650 | _aPRÉ-COLHEITA | ||
| 650 | _aARMAZENAMENTO | ||
| 650 | _aQUALIDADE | ||
| 773 | 0 |
_tBragantia (Brazil) _xISSN 1678-4499 _g(Jan-Mar 2020), v. 79(1) p. 155-168 _wBR2022000431 |
|
| 856 | 4 | 0 | _uhttps://www.scielo.br/j/brag/a/RC7RsqqmrrqDNCzR5GnFj9j/?format=pdf lang=en |
| 909 |
_a202311 _bLúcia _c55 _dLúcia Elande |
||
| 942 |
_2AGRIS _n0 _cANA |
||
| 999 |
_c259318 _d259318 |
||